[Event "Bodo CC-ch"]
[Site "Bodo"]
[Date "2020.02.11"]
[Round "1"]
[White "Bjorndal, Joachim"]
[Black "Olsen, Bjorn Lovheim"]
[Result "1/2-1/2"]
[WhiteElo "1342"]
[BlackElo "1456"]
[PlyCount "60"]
[EventDate "2020.02.11"]
[EventType "swiss"]
[EventRounds "7"]
[EventCountry "NOR"]
[SourceTitle "EXT 2024"]
[Source "ChessBase"]
[SourceDate "2023.10.10"]
[SourceVersion "1"]
[SourceVersionDate "2023.10.10"]
[SourceQuality "1"]

1. e4 c5 2. Nf3 d6 3. d4 cxd4 4. Qxd4 Nc6 5. Bb5 Bd7 6. Bxc6 Bxc6 7. Nc3 Nf6 8. 0-0 g6 9. Re1 Bg7 10. Qd3 0-0 11. Bg5 Qb6 12. Nd5 Bxd5 13. exd5 Rfe8 14. c4 Ng4 15. Be3 Nxe3 16. Rxe3 Rac8 17. Rb1 Qa6 18. b3 Qxa2 19. Rbe1 Bf6 20. g3 Qa5 21. h4 h6 22. g4 g5 23. hxg5 hxg5 24. Kg2 Kg7 25. Qf5 e6 26. dxe6 Qxf5 27. gxf5 fxe6 28. Rxe6 Rxe6 29. Rxe6 Rc6 30. Nd2 Rb6 1/2-1/2

[Event "Bodo CC-ch"]
[Site "Bodo"]
[Date "2019.02.19"]
[Round "4"]
[White "Hansen, Tarjei Eck"]
[Black "Bjorndal, Joachim"]
[Result "1-0"]
[WhiteElo "1462"]
[BlackElo "1310"]
[PlyCount "105"]
[EventDate "2019.01.29"]
[EventType "swiss"]
[EventRounds "8"]
[EventCountry "NOR"]
[SourceTitle "EXT 2024"]
[Source "ChessBase"]
[SourceDate "2023.10.10"]
[SourceVersion "1"]
[SourceVersionDate "2023.10.10"]
[SourceQuality "1"]

1. d4 e6 2. Bf4 Nf6 3. Nd2 d5 4. Ngf3 c5 5. e3 Nc6 6. c3 Be7 7. Bd3 c4 8. Bb1 Bd6 9. Bxd6 Qxd6 10. e4 e5 11. exd5 Qxd5 12. dxe5 Nxe5 13. 0-0 Nxf3+ 14. Nxf3 Qxd1 15. Rxd1 0-0 16. Rd4 Be6 17. Ng5 Rfe8 18. Ne4 Nxe4 19. Bxe4 Rad8 20. Rad1 Rxd4 21. Rxd4 b5 22. Kf1 g6 23. Bc6 Rb8 24. a3 Kg7 25. Bd7 Rd8 26. Bxb5 Rxd4 27. cxd4 Bd5 28. f3 Kf6 29. Ke2 Kf5 30. Ke3 g5 31. Ba4 h6 32. Bc2+ Ke6 33. g3 f5 34. f4 g4 35. Kd2 a5 36. Kc3 Be4 37. Ba4 Kd5 38. Bb5 Bd3 39. b3 Ke4 40. Bxc4 Bb1 41. d5 Kf3 42. d6 Kg2 43. d7 Kxh2 44. d8Q Kxg3 45. Qd6 h5 46. Qd4 Be4 47. Qe3+ Bf3 48. Be6 h4 49. Bxf5 h3 50. Bxg4 Kxg4 51. Qg1+ Kxf4 52. Qh2+ Kg4 53. b4 1-0

[Event "Bodo CC-ch"]
[Site "Bodo"]
[Date "2019.01.29"]
[Round "1"]
[White "Lien, Harald"]
[Black "Bjorndal, Joachim"]
[Result "1-0"]
[WhiteElo "1554"]
[BlackElo "1310"]
[PlyCount "97"]
[EventDate "2019.01.29"]
[EventType "swiss"]
[EventRounds "8"]
[EventCountry "NOR"]
[SourceTitle "EXT 2024"]
[Source "ChessBase"]
[SourceDate "2023.10.10"]
[SourceVersion "1"]
[SourceVersionDate "2023.10.10"]
[SourceQuality "1"]

1. e4 e6 2. b3 d5 3. Bb2 dxe4 4. Nc3 Nf6 5. d3 Bb4 6. a3 Bxc3+ 7. Bxc3 0-0 8. Qd2 Nc6 9. 0-0-0 Nd4 10. dxe4 e5 11. Bd3 c5 12. f4 exf4 13. Qxf4 Nh5 14. Qf2 Bg4 15. Rf1 Nxb3+ 16. Kb2 Nd4 17. Nf3 Bxf3 18. gxf3 Nf4 19. Qg3 Qb6+ 20. Ka2 Qe6+ 21. Kb1 Qb6+ 22. Bb2 Qh6 23. Rhg1 Nxd3 24. cxd3 f6 25. Qf2 Rad8 26. Rg4 Rf7 27. Rh4 Qg5 28. f4 Qg6 29. Rg1 Qxg1+ 30. Qxg1 Nf3 31. Qg4 Nxh4 32. Qxh4 Rxd3 33. e5 fxe5 34. fxe5 Rf1+ 35. Ka2 Rd2 36. Qc4+ Rf7 37. e6 Re7 38. Qf4 Rxb2+ 39. Kxb2 Rxe6 40. Qc4 Kf7 41. Qf4+ Rf6 42. Qc7+ Kg6 43. h4 h5 44. Qxc5 Rb6+ 45. Ka2 Rc6 46. Qg5+ Kf7 47. Qxh5+ Rg6 48. Qd5+ Kf6 49. Qxb7 1-0

[Event "Bodo-ch"]
[Site "Bodo"]
[Date "2018.11.20"]
[Round "6"]
[White "Nilsen, Leif Inge"]
[Black "Bjorndal, Joachim"]
[Result "1-0"]
[WhiteElo "1525"]
[BlackElo "1300"]
[PlyCount "77"]
[EventDate "2018.10.16"]
[EventType "swiss"]
[EventRounds "6"]
[EventCountry "NOR"]
[SourceTitle "EXT 2024"]
[Source "ChessBase"]
[SourceDate "2023.10.10"]
[SourceVersion "1"]
[SourceVersionDate "2023.10.10"]
[SourceQuality "1"]

1. e4 e6 2. Nc3 b6 3. Nf3 Bb7 4. d4 Bb4 5. Bd2 Bxc3 6. Bxc3 Bxe4 7. Bc4 Nf6 8. Bb4 d6 9. 0-0 0-0 10. Re1 c5 11. dxc5 bxc5 12. Bc3 d5 13. Bf1 Nbd7 14. Ng5 Bg6 15. b3 h6 16. Nf3 d4 17. Bb2 Qc7 18. g3 Rad8 19. c3 e5 20. cxd4 cxd4 21. Rc1 Qa5 22. a3 Rfe8 23. b4 Qb6 24. Qb3 Qb7 25. Bg2 Be4 26. h3 Bd5 27. Qd1 Bxf3 28. Qxf3 e4 29. Qf4 d3 30. Rc4 d2 31. Rd1 Qd5 32. Rd4 Qe5 33. R4xd2 Qxf4 34. gxf4 Rc8 35. Rxd7 Nxd7 36. Rxd7 Rc2 37. Be5 Re6 38. Rd8+ Kh7 39. Bxe4+ 1-0

[Event "Bodo CC-ch"]
[Site "Bodo"]
[Date "2018.??.??"]
[Round "4"]
[White "Olsen, Bjorn Lovheim"]
[Black "Bjorndal, Joachim"]
[Result "1-0"]
[WhiteElo "1390"]
[BlackElo "1316"]
[PlyCount "45"]
[EventDate "2018.01.30"]
[EventType "swiss (rapid)"]
[EventRounds "9"]
[EventCountry "NOR"]
[SourceTitle "EXT 2024"]
[Source "ChessBase"]
[SourceDate "2023.10.10"]
[SourceVersion "1"]
[SourceVersionDate "2023.10.10"]
[SourceQuality "1"]

1. Nc3 Nf6 2. d4 d5 3. Bg5 e6 4. e3 Be7 5. Nf3 Nbd7 6. Bd3 c6 7. 0-0 0-0 8. Re1 Qc7 9. e4 Bb4 10. e5 Ne4 11. Bxe4 Bxc3 12. Bxh7+ Kxh7 13. Qd3+ Kg8 14. bxc3 Re8 15. Bf4 Nf8 16. Ng5 f6 17. Nf3 f5 18. Ng5 Ng6 19. Bd2 Qe7 20. a4 a5 21. f4 c5 22. Qh3 Nh8 23. Qh7+ 1-0